Statistics for The Martin Van Buren Presidency

Click here to take the quiz!

General Stats

  • This quiz has been taken 15 times
  • The average score is 7 of 13

Answer Stats

Hint Answer % Correct
His first languageDutch
100%
President he served as VP underAndrew Jackson
91%
His home stateNew York
82%
Began his political career in this occupationLawyer
73%
His political partyDemocratic
73%
Tribe of Native Americans forcefully removed in 1838Cherokee
73%
His main political opponentWilliam Henry Harrison
45%
Financial crisis that occurred during his presidencyPanic of {1837}
45%
Cuban ship that was taken over by West African slavesAmistad
27%
Vice PresidentRichard M. Johnson
18%
Ongoing conflict with Seminole tribe{Second} {Seminole} War / {Florida} War
18%
Short-lived party he founded in 1848{Free} {Soil} Party
18%
First name of his wifeHannah
0%

Score Distribution

Percentile by Number Answered

Percent of People with Each Score

Your Score History

You have not taken this quiz